The little Ottleys /

Saved in:
Bibliographic Details
Main Author: Leverson, Ada
Other Authors: MacInnes, Colin, 1914-1976
Format: Book
Language:English
Published: London : Macgibbon & Kee, 1962.
Subjects:
LEADER 01027nam a2200265ra 4500
001 c000084783
003 CARM
005 19990505000000.0
008 920207s1962 enk 000 1 eng d
019 1 |a 8735903  |5 LACONCORD2021 
035 |a (OCoLC)8327685  |5 LACONCORD2021 
040 |a NZOC  |b eng  |c NZOC 
100 1 |a Leverson, Ada. 
245 1 4 |a The little Ottleys /  |c Ada Leverson ; with a foreword by Colin MacInnes. 
246 3 |a Love's shadow 
246 3 |a Tenterhooks 
246 3 |a Love at second sight 
260 |a London :  |b Macgibbon & Kee,  |c 1962. 
300 |a 543 p. 
505 0 |a The heart of a legend : the writings of Ada Leverson /Colin MacInnes -- Love's shadow -- Tenterhooks -- Love at second sight. 
600 1 0 |a Leverson, Ada. 
700 1 |a MacInnes, Colin,  |d 1914-1976. 
852 8 |b CARM  |h A2:AB33B0  |i B02685  |p 0120853  |f BK 
999 f f |i 9541147e-c85a-59a4-86f5-944391922a61  |s 4a61fbcd-77a6-526b-af70-e46962e2d4bd 
952 f f |p Can circulate  |a CAVAL  |b CAVAL  |c CAVAL  |d CARM 1 Store  |e B02685  |f A2:AB33B0  |h Other scheme  |i book  |m 0120853